000 00422nam a2200181Ia 4500
001 17659
005 20260306171533.0
008 260306s9999||||xx |||||||||||||| ||und||
041 _aESP
082 _a658.15
_bB45
100 _aBerk, Jonathan
_eAUT
245 0 _aFinanzas corporativas
260 _c2008
300 _axxxvii, 988 páginas :
_c27 cm.
650 _aGEN
654 _aCAN
942 _cLIB
_dJUS
_fJUS
_2ddc
_n
999 _c17659
_d17659